| 000 | 01133nam a2200229Ia 4500 | ||
|---|---|---|---|
| 001 | L933-43072 | ||
| 003 | IT-CnALBA | ||
| 008 | 170116s9999||||xx |||||||||||||| ||und|| | ||
| 040 |
_aIT-CnALBA _cIT-CnALBA |
||
| 041 | _aITALIANO | ||
| 100 | _aBISCOTTINI UMBERTO | ||
| 245 | 0 | _aCIVILTÀ ITALIANA NEL MONDO. INTRODUZIONE ALLA CORSICA. | |
| 250 | _a1a ed. | ||
| 260 |
_a MILANO - ROMA- NAPOLI _bALIGHIERI DANTE, SOC. EDITR. _c1940 [1° Ed.:1940 - Ed.Ling.Originale: 1940] |
||
| 300 | _a110 p. | ||
| 500 | _aINTRODUZIONE. LA CORSICA E ROMA ANTICA. STORIA E VITA ECONOMICA. CORSICA E SARDEGNA. INVASIONE DEI VANDALI. I GOTI. I BIZANTINI. I LONGOBARDI. I SARACENI. GREGORIO VII E LA CORSICA. GEOGRAFIA. NAPOLEONE. | ||
| 501 | _aSocietà San Paolo EM - Piazza San Paolo, 14 - 12051 ALBA (CN) (non commercial uses only) ® Copyright 2017 | ||
| 520 | _aINTRODUZIONE. LA CORSICA E ROMA ANTICA. STORIA E VITA ECONOMICA. CORSICA E SARDEGNA. INVASIONE DEI VANDALI. I GOTI. I BIZANTINI. I LONGOBARDI. I SARACENI. GREGORIO VII E LA CORSICA. GEOGRAFIA. NAPOLEONE. | ||
| 650 | _aNAZIONI ESTERE | ||
| 942 | _cBK | ||
| 957 | _71 | ||
| 999 |
_a48465 _bSI _g Copie: 1 _c302039 _d302039 |
||